Euro a Slovensko
Asociácia bánk a NBS - príprava verejnosti a bánk na zavedenie spoločnej meny - eura- od 1.1.2002 v členských krajinách EMÚ. Odporúčania pre komerčné banky v procese prípravy zavedenia eura: informovanie verejnosti, príprava na konverziu účtov vedených v národných menách, príprava na dodávky bezhoto...
Salvato in:
| Autore principale: | |
|---|---|
| Natura: | Capitolo di libro |
| Lingua: | slovacco |
| Soggetti: | |
| Tags: |
Nessun Tag, puoi essere il primo ad aggiungerne!!
|
MARC
| LEADER | 00000naa a2200000 4500 | ||
|---|---|---|---|
| 001 | r043946 | ||
| 005 | 20220729103810.0 | ||
| 041 | 0 | |a slo | |
| 044 | |a SK | ||
| 245 | 1 | 0 | |a Euro a Slovensko |c Miroslav Marenčík |
| 520 | |a Asociácia bánk a NBS - príprava verejnosti a bánk na zavedenie spoločnej meny - eura- od 1.1.2002 v členských krajinách EMÚ. Odporúčania pre komerčné banky v procese prípravy zavedenia eura: informovanie verejnosti, príprava na konverziu účtov vedených v národných menách, príprava na dodávky bezhotovostného eura do banky. | ||
| 610 | 2 | 0 | |a euro |
| 610 | 2 | 0 | |a Slovensko |
| 610 | 2 | 0 | |a banky obchodné |
| 610 | 2 | 0 | |a Asociácia bánk |
| 610 | 2 | 0 | |a NBS Bratislava |
| 100 | 1 | |a Marenčík, Miroslav | |